Normal view
MARC view
- RAJU, T. D
Entry Personal Name
001 - CONTROL NUMBER
- control field: 2969
003 - CONTROL NUMBER IDENTIFIER
- control field: OSt
005 - DATE AND TIME OF LATEST TRANSACTION
- control field: 20180303105801.0
008 - FIXED-LENGTH DATA ELEMENTS
- fixed length control field: 180303|| aca||aabn | a|a d
040 ## - CATALOGING SOURCE
- Original cataloging agency: OSt
- Transcribing agency: OSt
100 ## - HEADING--PERSONAL NAME
- Personal name: RAJU, T. D
670 ## - SOURCE DATA FOUND
- Source citation: Work cat.: (OSt)15319: RAJU, T. D, Hydraulics of tile drains in peat and muck soils, 1989
